000 02670njm a2200529 c 4500
003 BLK
005 20180422121458.0
008 180410b bul||n||s|||||||| n|bulo|
010 _aCDD00003995000
040 _aBLK
041 _aENG
_cENG
080 _aОпера. Музикална драма. Романтична опера. Опера-приказка
_b782.1
_x
_z782.1
700 1 _aIvanov, Emil
_eтенор
_9354605
700 1 _aSofia Symphony Orchestra
_eизп.
_9354606
700 1 _aLinev, Stefan
_eдиригент
_917068
700 1 _aИванов, Емил
_e*
_9370561
139 _aIvanov, Emil
_bI 98
245 1 0 _aEmil Ivanov - Tenor [CD аудио]
_cтенор Emil Ivanov; изп. Sofia Symphony Orchestra; диригент Stefan Linev; * Емил Иванов.
257 _aBGR
260 Sofia
_bGega New
_c1995
300 _a12 cm. Stereo
306 _a50мин. 42сек.
380 _a7
505 _gRecondita armonia
_rGiacomo Puccini; Джакомо Пучини.
_tCavaradossi : Tosca
505 _gE la solita storia
_rFrancesco Cilea; Франческо Чилеа.
_tFederico : Arlesiana
505 _gCielo e mar
_rAmilcare Ponchielli; Амилкаре Пончиели.
_tEnzo : Gioconda
505 _gAddio, florito asil
_rGiacomo Puccini; Джакомо Пучини.
_tPinkerton : Madame Butterfly
505 _gO, paradiso
_rGiacomo Meyerbeer; Джакомо Майербер.
_tVasco da Gama : L'Africana
505 _gCome un bel di
_rUmberto Giordano; Умберто Джордано.
_tAndrea Chenier : Andre Chenier
505 _gE lucevan le stelle
_tCavaradossi : Tosca
505 _gNon piangere, Liu
_rGiacomo Puccini; Джакомо Пучини.
_tCalaf : Turandot
505 _gMamm, quel vino
_rPietro Mascagni; Пиетро Маскани.
_tTurridu : Cavalleria Rusticana
505 _gRecitar, vesti la giubba
_rRuggierro Leoncavallo; Руджиеро Леонкавало.
_tCanio : I Pgliacci
505 _gDonna non vidi mai
_rGiacomo Puccini; Джакомо Пучини.
_tDes Grieux : Manon Lescaut
505 _gColpito qui m'avete
_rUmberto Giordano; Умберто Джордано.
_tAndrea Chenier : Andrea Chenier
505 _gI Pagliacci
_rRuggierro Leoncavallo; Руджиеро Леонкавало.
_tCanio : No! Pagliaccio non son...
505 _gNessun dorma
_rGiacomo Puccini; Джакомо Пучини.
_tCalaf : Turandot
590 _aS.N: 104616 от КНИГИ
650 4 _aОпера
_9165008
653 _aОпера
653 _aтенори
852 _aЦб CD 496
_p14
856 4 _qpdf
_u
856 4 _qpdf
_u
942 _cCDD
_n0
944 _aCR
_c01.01.1999
_kAB_DOS
944 _aED
_c15.01.2003
_k
999 _c221736
_d221736